000 005110000a22001930004500
001 002578
003 MACL
005 20150910153307.0
008 150910b xxu||||| |||| 00| 0 eng d
040 _aMACL
_cMACL
041 _aEnglish
082 _a822/MUK
100 _aMukherjee, Tutun
_99958
245 _aGirish Karnad's Plays
_bPerformance and Critical Perspectives
_cTutun Mukherjee
260 _aDelhi
_c2006
_bPencraft International,
350 _a695
650 _aDrama
_99959
942 _k822
_cBK
_2ddc
999 _c14487
_d14487